1743 1775 1826 1182 1933 1675 1295 1359 1503 1601 1843 1203 1795 1061 1494 1517 1053 1819 1282 1800 1620 1276 1580 1147 1019 1846 1557 1762 1727 1861 1353 1458 1669 1285 1276 1166 1559 1811 1078 1223 1707 1961 1119 1617 1546 1067 1855 1304 1801 1475 1674 1974 1083 1372 1743 1260 1665 1715 1944 1631 1810 1388 1222 1188 1282 1100 1304 1188 1860 1551 1156 1052 1032 1606 1099 1465 1934 1573 1546 1179 1424 1784 1355 1115 1533 1817 1477 1511 1637 1486 1353 1646 1805 1444 1980 1178 1904 1131 1934 BCNSPRNW ULIB Ver.6.0+V

เปลี่ยนเป็นภาษาไทย

Change to English
 แสดงรายละเอียดบรรณานุกรม
  กลับหน้าหลัก

Brief Record : Get Marc (ISO 2709) : E-mail record : QR code < ปิดหน้าต่าง
LEADER : 00000nam 2200000uu 4500
001    13399129213
003     ULIB
008    260511s2027||||th 000 0 tha d
020    ^a9780443115097
060  0 ^aWY20.5^bG779B
100 1  ^aGray, Jennifer R.
245 1  ^aBurns and Grove s the practice of nursing research :^bappraisal, synthesis, and generation of evidence /^cJennifer R. Gray and Susan K. Grove
246 3  ^aBurns and Grove s the practice of nursing research
246 3  ^aPractice of nursing research
246 3  ^aPractice of nursing research :^bappraisal, synthesis, and generation of evidence
250    ^a9th ed.
260    ^aSt. Louis, Missouri :^bElsevier,^c2027.
300    ^axviii, 859 p. :^bill. col.
505 0  ^aUnit 1. Introduction to nursing research. 1, Discovering the world of nursing. 2, Evolution of research in building evidence-based nursing practice. 3, Introduction to quantitative research. 4, Introduction to qualitative research -- Unit 2. The research process. 5, Research problem and purpose. 6, Objectives, questions, hypotheses, and study variables. 7, Review of relevant literature. 8, Frameworks. 9, Ethics in research. 10, Quantitative methodology : noninterventional designs and methods. 11, Quantitative methodology : interventional designs and methods. 12, Qualitative research methods. 13, Outcomes research. 14, Mixed methods research. 15, Sampling. 16, Quantitative measurement concepts. 17, Measurement methods used in developing evidence-based practice -- Unit 3. Putting it all together for evidence-based health care. 18, Critical appraisal of nursing studies. 19, Evidence synthesis and strategies for implementing evidence-based practice -- Unit 4. Collecting and analyzing data, determining outcomes, and disseminating research. 20, Collecting and managing data. 21, Introduction to statistical analysis. 22, Using statistics to describe variables. 23, Using statistics to examine relationships. 24, Using statistics to predict. 25, Using statistics to determine differences. 26, Interpreting research outcomes. 27, Disseminating research findings -- Unit 5. Proposing and seeking funding for research. 28, Writing research proposals. 29, Seeking funding for research.
650  0 ^aEvidence-based medicine.
650  0 ^aEvidence-based nursing
650  0 ^aEvidence-Based Nursing^xmethods.
650  0 ^aNursing research.
650  0 ^aNursing^xResearch^vMethods
650  0 ^aNursing^xResearch^xMethodology
650  0 ^aNursing^xResearch^xMethods
650  2 ^aEvidence-Based Nursing^xmethods.
650  2 ^aNursing Research^xmethods.
654    ^aNursing
654    ^aNursing -- General
700 1  ^aGrove, Susan k.
856 4  ^a ^zOnline Book^uhttps://evolve.elsevier.com/
999    ^aประนอม เกษจรัล
รายการนี้ยังไม่มีแท็ก
คุณยังไม่ได้ล็อกอิน คุณสามารถมีกิจกรรมร่วมกับเว็บไซต์ได้ แต่ต้องล็อกอินก่อน ::
  ล็อกอิน

รายการสื่อสารสนเทศ

ลำดับที่ ประเภท เลขเรียก/บาร์โค้ด สถานที่ สถานะ
1. Book การพยาบาล
หนังสือสำรอง
สถานะ=หนังสือสำรอง
WY20.5 G779B ฉ.1 
  Barcode: 012199
ห้องสมุดวิทยาเขตสวรรค์ประชารักษ์
►หนังสือทั่วไป
บนชั้น
*เพิ่งรับคืน

รายการใกล้เคียง
    หัวเรื่อง [Evidence-based medicine.]
    หัวเรื่อง [Evidence-based nursing]
    หัวเรื่อง [Nursing research.]

BibComment


ยังไม่เคยถูกคอมเมนท์

คอมเมนท์ทรัพยากรรายการนี้
  คอมเมนท์: Burns and Grove ..


 Copyright 2026. Bcnsprnw @Library